| 000 | 00407nam a2200157Ia 4500 | ||
|---|---|---|---|
| 008 | 210716s2005 xx 000 0 und d | ||
| 020 | _a812032711X | ||
| 041 | _aeng | ||
| 082 | _a658.3 PATB | ||
| 100 | _aPattanayak, Biswajeet. | ||
| 245 | _aHuman resource management. | ||
| 250 | _a3 | ||
| 260 |
_aNew Delhi _bPrentice Hall of India _c2005 |
||
| 300 | _axvii,484 | ||
| 650 | _aHuman Resource Management | ||
| 999 |
_c199104 _d199104 |
||